000 00546nam a22001697a 4500
005 20251201142612.0
008 251201b |||||||| |||| 00| 0 eng d
020 _a978-81-7371-756-7
050 _aRS 91.T49 2012
100 _aPARTHASARATHI G
245 _aA TEXTBOOK OF CLINICAL PHARMACY PRACTICE ESSENTIAL CONCEPTS AND SKILLS
260 _aINDIA
_bUNIVERSITIES PRESS
_c2012
300 _aX,577
500 _aINCLUDES APPENDICES, GLOSSARY AND INDEX
650 _aClinical pharmacy-textbooks Pharmacy practice- textbooks
942 _2lcc
_cBK
999 _c216322
_d216322